000 00558nam a22002177a 4500
003 OSt
005 20220623122729.0
008 180423b xxu||||| |||| 00| 0 eng d
020 _a058236308x
020 _a0582363098
040 _aLB-BrCRDP
082 _a372.6 E21t
100 _aJanet Ede
245 _aTalking, listening, and learning
260 _aLondon
_bLongman
_c1980
300 _a310p
_c22cm
650 _aSchool teaching.
650 _aChildren -- Language -- Research.
650 _aEducation, Elementary -- Research.
942 _2ddc
_cBK
999 _c19103
_d19103